الكون : (Record no. 14193)

MARC details
000 -الفاتح
حقل البيانات ثابتة الطول 01020nam a22002417a 4500
008 - عناصر البيانات ثابتة الطول - معلومات عامة
حقل البيانات ثابتة الطول 100623s2005 ua|||||r|||| 000 0 ara d
020 ## - الرقم الدولى المعيارى للكتب
الرقم الدولى المعيارى للكتاب 9771720538
082 ## - رقم تصنيف ديوى العشرى
رقم الطبعة 22
رقم التصنيف 523.1
رقم المادة ف ا ل
100 ## - المدخل الرئيسى - إسم شخصى
9 (RLIN) 15142
الإسم الشخصى فالكين، ديفيد
245 ## - بيان العنوان
العنوان الكون :
بقية العنوان تاريخ الأفكار العلمية وتطورها /
بيان المسئوليه,etc ديفيد فالكين؛ تعريب طارق كمال ضيف الله؛ مراجعة ماهر ملك حنا
260 ## - PUBLICATION, DISTRIBUTION, ETC. (IMPRINT)
مكان الناشر او الموزع القاهرة :
اسم الناشر او الموزع المكتبة الأكاديمية، [2005؟]
تاريخ النشر أو التوزيع [2005?]
300 ## - الوصف المادى
التعداد 274 ص:
تفاصيل ماديه اخرى للوعاء صور ؛
أبعاد الوعاء 24 سم
336 ## - نوع المحتوى
source rdacontent
Carrier Type Term نص
Content Type Code txt
337 ## - نوع الوسيط
Media Type Term بدون وسيط
source rdamedia
Media Type Code n
338 ## - نوع الحامل أو الناقل
Carrier Type Term مجلد
Carrier Type Code nc
source rdacarrier
500 ## - تبصرة عامة
تبصرة عامة ترجمة لكتاب: Stephen Hawking's Universe
650 ## - المدخل الاضافى بالموضوع-مصطلح موضوعى
9 (RLIN) 15140
مصطلح موضوعي أو اسم جغرافي كعنصر مدخل الكون
650 ## - المدخل الاضافى بالموضوع-مصطلح موضوعى
9 (RLIN) 15148
مصطلح موضوعي أو اسم جغرافي كعنصر مدخل الفلك
650 ## - المدخل الاضافى بالموضوع-مصطلح موضوعى
9 (RLIN) 15149
مصطلح موضوعي أو اسم جغرافي كعنصر مدخل الأرض
700 ## - المدخل الاضافى - اسم شخصى
9 (RLIN) 15144
الإسم الشخصى ضيف الله، طارق كمال
الدور تعريب
700 ## - المدخل الاضافى - اسم شخصى
9 (RLIN) 15146
الإسم الشخصى حنا، ماهر ملك
الدور مراجعة
942 ## - عناصر المدخل الإضافي( كوها)
مصدر التصنيف او مخطط الترفيف Dewey Decimal Classification
Koha [default] item type Book - Borrowing
جزء التصنيف RDA-MOD
Holdings
حالة التراجع حالة الفقد مصدر التصنيف او خطة الترفيف حالة تلف ليس للاعارة مجموعات كوها المكان الدائم المكان الحالي موقع الترفيف تاريخ الاكتساب Source of acquisition رقم الاستدعاء الباركود Date last seen مُعار نوع الوعاء
    Dewey Decimal Classification     Alef-Baa Central Library Central Library First floor 23/06/2010   523.1 فال 000021163 15/07/2025 16/07/2018 Book - Borrowing